| 000 | 00635nam a2200217 4500 | ||
|---|---|---|---|
| 003 | LK-CoMWRAF | ||
| 005 | 20240203112148.0 | ||
| 008 | 230818b2009 |||||||| |||| 00| 0 eng d | ||
| 020 | _a9789053306871 | ||
| 040 |
_aLK-CoMWRAF _dLK-CoMWRAF _eLK-CoMWRAF |
||
| 041 | _aeng | ||
| 082 |
_a361.74 _bBIE |
||
| 100 | _aBieckmann, Frans | ||
| 245 |
_aHivos! 1968-2008 History in the making: _bfrom aid to alter-globalism |
||
| 260 |
_aAmsterdam: _bMets & Schilt, _c2009 |
||
| 300 |
_a121 p. _bIndex included. |
||
| 650 | _aNon-governmental organizations | ||
| 650 | _a Development cooperation | ||
| 700 | _aLammers, Ellen | ||
| 942 | _cBK | ||
| 999 |
_c3204 _d3204 |
||